Normal view
MARC view
- Population.
Entry Topical Term
001 - CONTROL NUMBER
- control field: 3628
003 - CONTROL NUMBER IDENTIFIER
- control field: NUST
005 - DATE AND TIME OF LATEST TRANSACTION
- control field: 20170728101500.0
008 - FIXED-LENGTH DATA ELEMENTS
- fixed length control field: 170728|| aca||aabn | a|a d
040 ## - CATALOGING SOURCE
- Original cataloging agency: NUST
- Transcribing agency: NUST
150 ## - HEADING--TOPICAL TERM
- Topical term or geographic name entry element: Population.
670 ## - SOURCE DATA FOUND
- Source citation: Work cat.: (NUST)3590: Ehrlich, Paul R. 3627, Population, resources, environment /, c1977.
